000 00561nam a2200181 a 4500
001 000756492
003 AM-YEHGA
005 20250617160733.0
008 100824s1961 ru | |||| |0| | rus d
040 _aAM-YeHGA
041 0 _arus
100 1 _aБелянкин, Евгений Осипович
245 1 0 _aСадыя :
_bРоман /
_cЕ.О. Белянкин.
260 _aМосква :
_bСоветская Россия,
_c1961.
300 _a256 стр. ;
_c21 см.
650 1 4 _aРусская литература
_xРоман
090 _c462558
999 _c459487
_d459487